Busy Bee C / (Registro nro. 8896)

Detalles MARC
000 -LIDER
fixed length control field 00833nam a22002777a 4500
001 - NÚMERO DE CONTROL
Identificador de número de control 00260
003 - IDENTIFICACDOR DE NÚMERO DE CONTROL
control field DO-SdBNP
005 - DATE AND TIME OF LATEST TRANSACTION
control field 20180403094510.0
008 - ELEMENTOS DE LONGITUD FIJA
fixed length control field 151124b 2004 es xxu||||| |||| 00| 0 spa d
020 ## - ISBN
International Standard Book Number 9992322306
040 ## - FUENTE DE CATALOGACIÓN
Agencia que crea de manera original el registro BPMSU
Idioma de catalogación spa
Agencia que realiza la transcripción BPMSU
092 ## - LOCALLY ASSIGNED DEWEY DECIMAL CALL NUMBER
Número de clasificación XXXXX
Número de ítem (Cutter) XXXXX
100 1# - ASIENTO PRINCIPAL -- NOMBRE PERSONAL
Nombre personal Augspurg Meza, Ana Sylvia
245 10 - MENCIÓN DE TITULO
Título Busy Bee C /
Mención de responsabilidad Titi A. de Escolán, Ana Sylvia Augspurg Meza ; ilustración Ricardo Grijalva.
250 ## - MENCIÓN DE EDICION
Mención de edición 3e ed.
260 ## - PUBLICACIÓN, DISTRIBUCIÓN, ETC. (PIE DE IMPRENTA)
Lugar de publicación, distribución, etc San Salvador, El Salvador :
Nombre del editor, distribuidor, etc. Montañas de Fuego,
Fecha de publicación, distribución, etc 2004
300 ## - DESCRIPCIÓN FÍSICA
Extensión 173 p. :
Otros detalles físicos il. ;
Dimensiones 30 cm.
490 1# - MENCIÓN DE SERIES
Mención de serie Busy bee
Volume/sequential designation 3
700 12 - ASIENTO SECUNDARIO -- NOMBRE PERSONAL
Nombre personal Escolán,Titi A. de
700 ## - ASIENTO SECUNDARIO -- NOMBRE PERSONAL
Nombre personal Grijalva, Ricardo,
Mención de responsabilidad il.
830 #0 - ASIENTO SECUNDARIO DE SERIE--TÍTULO UNIFORME
Título uniforme Busy bee
Número de la parte o sección de una obra 3
910 ## - VALIDACIÓN
Validación 00260
942 ## - ADDED ENTRY ELEMENTS (KOHA)
Source of classification or shelving scheme Dewey Decimal Classification
Koha item type Libros
945 ## - INFORMACIÓN DE PROCESAMIENTO LOCAL
Información de procesamiento local Invetariado extranjero / 2018 VM
956 ## - LOCAL ELECTRONIC LOCATION AND ACCESS (OCLC)
Nombre de host Lorenza Pérez
Número de acceso 10
Existencias
Withdrawn status Lost status Source of classification or shelving scheme Damaged status Not for loan Collection code Home library Current library Date acquired Source of acquisition Total Checkouts Barcode Date last seen Copy number Price effective from Koha item type
    Dewey Decimal Classification     Colección Infantil Dominicana Biblioteca Pública Metropolitana Salomé Ureña Biblioteca Pública Metropolitana Salomé Ureña 11/24/2015 Donación   BPMSU15110467 11/24/2015 e. 2 11/24/2015 Libros
    Dewey Decimal Classification       Biblioteca Pública Metropolitana Salomé Ureña Biblioteca Pública Metropolitana Salomé Ureña 11/24/2015 Donación   BPMSU15110468 11/24/2015 e. 2 11/24/2015 Libros